000 00856nam a2200253Ia 4500
003 OSt
005 20220923212942.0
006 a|||||r|||| 00| 0
007 ta
008 220922b |||||||| |||| 00| 0 hin d
024 _a157,315
037 _cTextual
040 _aARTS
_cARTS
_bhin
041 _2hin
_ahin
082 _aO152:g(Q:1), M1
100 _aलोढा, कल्याण मल, संपा.
_9162836
245 0 _aमिथक और भाषा
246 _aMithak aur bhāṣhā
260 _aकलकत्ता
_b कलकत्ता विश्वविद्यालय
_c1981
300 _a262 पृ.
_ccm.
650 _aहिन्दी साहित्य
_9156264
942 _hO152:g(Q:1), M1
_cTEXL
_2CC
999 _c312532
_d312532